000 01108njm a22002897a 4500
005 20100915120030.0
006 a|||||r|||||00| 0
007 sd ammalaaahaa
008 100910t xxu||||| |||| 00| 0 eng d
028 _aTAE 1233
_bOdeon
035 _aGR-02723
040 _aSED
_cSED
100 _aMohd Rafi
_919365
245 _aKaajal /
_csung by Mohd Rafi ; Music by Ravi ; Lyrics by Sabir Ludhanvi
_h[sound recording] :
246 _aकाजल /
260 _aDum Dum, India
_bOdeon
_c1967
300 _a1 sound disc [Gramophone Recording] :
_banalog, 33 1/3 rpm ;
_c7.5 in. (SP)
_fGramaphone Records
500 _aBrief records
500 _aRecord Lables : Odeon, Black
505 _aSide-1 छु लेने दो (Choo lene do) (Mohd. Rafi),--Side-2 आप के पास जो (Aap ke Paas Jo) (Mahendra Kapoor)
600 _aMohd Rafi
_919611
650 _2Excerpts.
_aClassical Music
_bIndia
_919366
700 _aRavi
_920140
700 _aLudhanvi, Sabir
_920141
942 _2ddc
_cGR
999 _c45893
_d45893